000 00652cab a2200205 4500
001 WB3044-01
008 090401t1994 xxu||||| |||| 00| 0 eng d
035 _a(Sirsi) u10120
041 _aeng
245 _aConstructors seek export aid
260 _c1994
350 _a0
490 _aTimes
_v25 November 1994, 31(1)
520 _aThe construction industry has called on the Government to demonsrate publicly its commitment to the industry`s export trade by increasing bilateral aid and using it to promote exports.
650 _aCONSTRUCTION INDUSTRY
650 _aEXPORTS
690 _aBUILT ENVIRONMENT
942 _n0
948 _c04/03/1997
999 _c6359
_d6359